Communes de la Province de Liège (Belgique) - Statistiques

Statistiques générales
  • Ce quiz a été pris 2 253 fois
  • Le résultat moyen est 36 sur 84
Réponses sur la Carte
Les réponses sont colorées sur une échelle allant du rouge au vert en fonction du pourcentage des utilisateurs qui les ont devinées à leur premier essai. Vous pouvez retrouver ces pourcentages ci-dessous.
 
Statistiques - réponses
Arrondissement Réponse % Correct
Arrondissement de Liège Liège
95%
Arrondissement de Verviers Verviers
83%
Arrondissement de Huy Huy
80%
Arrondissement de Verviers (germanophone) Eupen
79%
Arrondissement de Liège Seraing
76%
Arrondissement de Waremme Waremme
73%
Arrondissement de Verviers Spa
70%
Arrondissement de Liège Herstal
69%
Arrondissement de Verviers Malmedy
67%
Arrondissement de Liège Ans
65%
Arrondissement de Liège Visé
64%
Arrondissement de Liège Chaudfontaine
58%
Arrondissement de Waremme Hannut
56%
Arrondissement de Verviers Herve
56%
Arrondissement de Verviers (germanophone) Saint-Vith
54%
Arrondissement de Liège Sprimont
54%
Arrondissement de Liège Aywaille
53%
Arrondissement de Liège Saint-Nicolas
53%
Arrondissement de Verviers Stavelot
53%
Arrondissement de Liège Flémalle
52%
Arrondissement de Liège Fléron
50%
Arrondissement de Liège Esneux
47%
Arrondissement de Liège Oupeye
46%
Arrondissement de Verviers Theux
46%
Arrondissement de Verviers Aubel
45%
Arrondissement de Liège Blegny
45%
Arrondissement de Liège Soumagne
45%
Arrondissement de Huy Amay
44%
Arrondissement de Liège Grâce-Hollogne
44%
Arrondissement de Verviers Pepinster
44%
Arrondissement de Liège Trooz
44%
Arrondissement de Verviers Welkenraedt
44%
Arrondissement de Liège Awans
42%
Arrondissement de Verviers Dison
41%
Arrondissement de Liège Neupré
41%
Arrondissement de Liège Beyne-Heusay
39%
Arrondissement de Verviers Jalhay
39%
Arrondissement de Verviers Trois-Ponts
39%
Arrondissement de Huy Wanze
39%
Arrondissement de Huy Nandrin
38%
Arrondissement de Verviers (germanophone) Burg-Reuland
37%
Arrondissement de Huy Clavier
37%
Arrondissement de Verviers Limbourg
37%
Arrondissement de Verviers Stoumont
37%
Arrondissement de Verviers Waimes
37%
Arrondissement de Waremme Crisnée
36%
Arrondissement de Huy Hamoir
36%
Arrondissement de Liège Juprelle
36%
Arrondissement de Waremme Oreye
36%
Arrondissement de Verviers (germanophone) Bütgenbach
35%
Arrondissement de Liège Comblain-au-Pont
35%
Arrondissement de Liège Dalhem
34%
Arrondissement de Huy Engis
34%
Arrondissement de Verviers Olne
34%
Arrondissement de Verviers (germanophone) Raeren
34%
Arrondissement de Verviers Baelen
33%
Arrondissement de Liège Bassenge
33%
Arrondissement de Huy Ferrières
33%
Arrondissement de Huy Marchin
33%
Arrondissement de Huy Modave
33%
Arrondissement de Verviers Plombières
33%
Arrondissement de Waremme Saint-Georges-sur-Meuse
33%
Arrondissement de Huy Verlaine
33%
Arrondissement de Waremme Fexhe-le-Haut-Clocher
32%
Arrondissement de Verviers Lierneux
32%
Arrondissement de Verviers Thimister-Clermont
32%
Arrondissement de Waremme Geer
31%
Arrondissement de Huy Héron
31%
Arrondissement de Waremme Remicourt
31%
Arrondissement de Huy Villers-le-Bouillet
31%
Arrondissement de Verviers (germanophone) Amel
30%
Arrondissement de Waremme Braives
30%
Arrondissement de Waremme Faimes
30%
Arrondissement de Waremme Lincent
30%
Arrondissement de Huy Ouffet
29%
Arrondissement de Huy Anthisnes
28%
Arrondissement de Waremme Berloz
28%
Arrondissement de Verviers (germanophone) Kelmis
28%
Arrondissement de Huy Burdinne
27%
Arrondissement de Verviers (germanophone) Lontzen
27%
Arrondissement de Waremme Wasseiges
27%
Arrondissement de Verviers (germanophone) Büllingen
26%
Arrondissement de Waremme Donceel
26%
Arrondissement de Huy Tinlot
26%
Aucun quiz correspondant
Distribution des résultats
% des personnes avec chaque résultat
Percentile par nombre de réponses
Votre historique - résultats
Vous n’avez pas pris ce quiz